Caña brava

Збережено в:
Бібліографічні деталі
Автор: Dobles Segreda, Luis
Формат: Книга
Мова:Undetermined
Опубліковано: San José, Costa Rica Editorial Costa Rica 1975
Редагування:3
Предмети:
Теги: Додати тег
Немає тегів, Будьте першим, хто поставить тег для цього запису!

MARC

LEADER 00000nam a2200000Ia 4500
008 170316s9999 xx 000 0 und d
040 |a cru BVZT 
090 |a 868 D-11c 
100 |a Dobles Segreda, Luis 
245 |a Caña brava 
250 |a 3 
260 |a San José, Costa Rica  |b Editorial Costa Rica  |c 1975 
300 |a 100 páginas 
650 |a LITERATURA COSTARRICENSE 
942 |c 15 D 
999 |c 10896  |d 10896